Journal of environmental geography Vol. XII. No 1-2.

Elmentve itt :
Bibliográfiai részletek
Dokumentumtípus: Folyóirat
Megjelent: 2019
Sorozat:Journal of environmental geography 12 No. 1-2
Kulcsszavak:Földrajz - tanulmányok
Online Access:http://acta.bibl.u-szeged.hu/62104
LEADER 00584nas a2200169 i 4500
001 acta62104
005 20220628112900.0
008 190909s2019 hu o 0|| eng d
022 |a 2060-467X 
040 |a SZTE Egyetemi Kiadványok Repozitórium  |b hun 
041 |a eng 
245 0 0 |a Journal of environmental geography   |h [elektronikus dokumentum] :  |b Vol. XII. No 1-2. 
260 |c 2019 
300 |a 57 
490 0 |a Journal of environmental geography  |v 12 No. 1-2 
695 |a Földrajz - tanulmányok 
856 4 0 |u http://acta.bibl.u-szeged.hu/62104/1/journal_geo_012_001_002.pdf  |z Dokumentum-elérés